[Event "Shropshire op"]
[Site "Shropshire"]
[Date "2025.01.04"]
[Round "2"]
[White "Surtees, Michael"]
[Black "Sygnowski, Tomasz"]
[Result "0-1"]
[WhiteElo "2083"]
[BlackElo "2101"]
[PlyCount "78"]
[EventDate "2025.01.03"]
[EventType "swiss"]
[EventRounds "5"]
[EventCountry "ENG"]
[SourceTitle "CB02_2025"]
[SourceDate "2025.01.08"]
[SourceVersion "1"]
[SourceVersionDate "2025.01.08"]
[SourceQuality "1"]

1. e4 e6 2. a3 d5 3. e5 c5 4. b4 Nc6 5. f4 cxb4 6. axb4 Bxb4 7. c3 Be7 8. d4 Nh6 9. Bd3 0-0 10. Nf3 Bd7 11. Qe2 Rb8 12. Na3 Na5 13. Qc2 g6 14. 0-0 b5 15. Qa2 Qc7 16. Bd2 Rb7 17. Nb1 Nc4 18. Bc1 a5 19. Bxc4 bxc4 20. Ba3 Bxa3 21. Qxa3 a4 22. Nbd2 Nf5 23. Kf2 h5 24. g3 Rfb8 25. Rfb1 Bb5 26. Rb2 Ne7 27. h3 Nc6 28. g4 hxg4 29. hxg4 Qe7 30. Nb1 Qf8 31. Raa2 Qh6 32. Kg3 Qh1 33. Qc5 Kg7 34. Na3 Rh8 35. Rh2 Rxh2 36. Rxh2 Qa1 37. Rh8 Ne7 38. Ra8 Bc6 39. Qd6 Rd7 0-1

[Event "Shropshire op"]
[Site "Shropshire"]
[Date "2025.01.04"]
[Round "3"]
[White "Sygnowski, Tomasz"]
[Black "Paul, Nathanael"]
[Result "1-0"]
[WhiteElo "2101"]
[BlackElo "1987"]
[PlyCount "111"]
[EventDate "2025.01.03"]
[EventType "swiss"]
[EventRounds "5"]
[EventCountry "ENG"]
[SourceTitle "CB02_2025"]
[SourceDate "2025.01.08"]
[SourceVersion "1"]
[SourceVersionDate "2025.01.08"]
[SourceQuality "1"]

1. e4 c6 2. d4 d5 3. exd5 cxd5 4. Nf3 Nc6 5. c3 Qc7 6. Na3 a6 7. Nc2 Nf6 8. Ne3 g6 9. Qb3 Qd6 10. c4 e5 11. dxe5 Nxe5 12. Nxe5 Qxe5 13. cxd5 Bg7 14. Be2 0-0 15. 0-0 Ne4 16. Nc4 Nd2 17. Bxd2 Qxe2 18. Rfe1 Qg4 19. Nb6 Rb8 20. h3 Qf5 21. Bb4 Rd8 22. Be7 Bd7 23. Bxd8 Rxd8 24. Nxd7 Qxd7 25. Rad1 Bf8 26. Re4 Bd6 27. Rde1 h5 28. Qe3 Kg7 29. Qd4+ Kg8 30. b4 Bf8 31. Rd1 Qa4 32. Rd2 Rd6 33. Qd3 Qd7 34. a3 Bg7 35. Ree2 Bf6 36. Qe4 Kg7 37. Qe8 Qf5 38. Qe4 Qd7 39. Rd1 h4 40. Re3 Qb5 41. Rf3 Qd7 42. Rxf6 Kxf6 43. Qxh4+ Kg7 44. Qd4+ Kg8 45. Qe5 f6 46. Qe4 Kf7 47. Rd3 Qb5 48. h4 a5 49. h5 gxh5 50. Qh7+ Kf8 51. Qh8+ Kf7 52. Qxh5+ Kf8 53. Qh8+ Kf7 54. Qh7+ Kf8 55. Rc3 Qxd5 56. Rc7 1-0

[Event "Stafford Loz Coopers Birthday"]
[Site "Stafford"]
[Date "2024.07.14"]
[Round "2"]
[White "Hankey, Chris"]
[Black "Sygnowski, Tomasz"]
[Result "0-1"]
[WhiteElo "1642"]
[BlackElo "2194"]
[PlyCount "100"]
[EventDate "2024.07.14"]
[EventType "swiss (blitz)"]
[EventRounds "9"]
[EventCountry "ENG"]
[SourceTitle "CBM 221 Extra"]
[Source "ChessBase"]
[SourceDate "2024.09.30"]
[SourceVersion "1"]
[SourceVersionDate "2024.09.30"]
[SourceQuality "1"]

1. d4 Nf6 2. c4 e6 3. Nc3 d5 4. cxd5 exd5 5. Bg5 Be7 6. Nf3 0-0 7. e3 Nbd7 8. Bd3 Re8 9. 0-0 c6 10. Bc2 Nf8 11. h3 Bd6 12. Re1 h6 13. Bh4 g5 14. Bg3 Bxg3 15. fxg3 Qd6 16. g4 Ne4 17. Nxe4 dxe4 18. Nd2 f5 19. Rf1 Qg3 20. Qe2 fxg4 21. Nxe4 Rxe4 22. Bxe4 gxh3 23. Qf3 Qxf3 24. Rxf3 hxg2 25. Kxg2 Be6 26. Rd1 Bxa2 27. d5 Rd8 28. dxc6 Rxd1 29. cxb7 Rd8 30. Rf6 Ne6 31. Bf5 Nc5 32. Bc8 Nxb7 33. Bxb7 Rd2+ 34. Kf3 Rxb2 35. Be4 Rb4 36. Rxh6 Kf7 37. Rh7+ Kf6 38. Rxa7 Be6 39. Ra6 Ke5 40. Bd3 Rb2 41. Ra5+ Kf6 42. e4 Rb3 43. Ke2 g4 44. Ra6 Ke5 45. Ra5+ Kf4 46. Bc2 Rc3 47. Kd2 Rc6 48. e5 g3 49. Kd1 g2 50. Ra4+ Kxe5 0-1

[Event "Stafford Loz Coopers Birthday"]
[Site "Stafford"]
[Date "2024.07.14"]
[Round "7"]
[White "Haydon, David Leslie"]
[Black "Sygnowski, Tomasz"]
[Result "1-0"]
[WhiteElo "2304"]
[BlackElo "2194"]
[PlyCount "89"]
[EventDate "2024.07.14"]
[EventType "swiss (blitz)"]
[EventRounds "9"]
[EventCountry "ENG"]
[SourceTitle "CBM 221 Extra"]
[Source "ChessBase"]
[SourceDate "2024.09.30"]
[SourceVersion "1"]
[SourceVersionDate "2024.09.30"]
[SourceQuality "1"]

1. d4 Nf6 2. Bf4 g6 3. e3 Bg7 4. Nf3 0-0 5. Be2 c5 6. c3 Qb6 7. Qb3 d6 8. Nbd2 Nc6 9. Nc4 Qxb3 10. axb3 Nd5 11. Bg3 b5 12. Na5 Nxa5 13. Rxa5 b4 14. Bc4 Nb6 15. cxb4 Nxc4 16. bxc4 cxd4 17. Nxd4 a6 18. Kd2 Bb7 19. f3 Rac8 20. b3 e5 21. Ne2 Rfd8 22. e4 Bf8 23. Nc3 d5 24. Rxd5 Bxd5 25. Nxd5 Bxb4+ 26. Kc2 f6 27. Nxf6+ Kf7 28. Nd5 Bd6 29. Ra1 Ra8 30. b4 Ke6 31. c5 Bf8 32. Nc7+ Kf6 33. Nxa8 Rxa8 34. Kb3 Ke6 35. Kc4 Be7 36. Be1 h5 37. Bc3 g5 38. Rd1 g4 39. Rd5 Bf6 40. Rd6+ Ke7 41. Rxf6 Kxf6 42. f4 a5 43. bxa5 Ke6 44. f5+ Kf6 45. c6 1-0

[Event "Stafford Loz Coopers Birthday"]
[Site "Stafford"]
[Date "2024.07.14"]
[Round "6"]
[White "Sygnowski, Tomasz"]
[Black "Gordon, Frederick"]
[Result "0-1"]
[WhiteElo "2194"]
[BlackElo "2275"]
[PlyCount "68"]
[EventDate "2024.07.14"]
[EventType "swiss (blitz)"]
[EventRounds "9"]
[EventCountry "ENG"]
[SourceTitle "CBM 221 Extra"]
[Source "ChessBase"]
[SourceDate "2024.09.30"]
[SourceVersion "1"]
[SourceVersionDate "2024.09.30"]
[SourceQuality "1"]

1. e4 e5 2. f4 d5 3. Nf3 exf4 4. exd5 Nf6 5. Nc3 Nxd5 6. Bc4 Nxc3 7. bxc3 Bd6 8. Qe2+ Qe7 9. Qxe7+ Kxe7 10. 0-0 f6 11. d4 g5 12. Rb1 Nc6 13. Bd3 h6 14. Bd2 Rb8 15. c4 b6 16. Be4 Bd7 17. Rfe1 Kd8 18. c5 Be7 19. Kh1 f5 20. Bd5 Rf8 21. cxb6 axb6 22. c3 Bd6 23. h4 Ne7 24. Be6 Bc6 25. hxg5 Bxf3 26. gxf3 hxg5 27. Kg2 c6 28. c4 c5 29. dxc5 Bxc5 30. Bc3 Kc7 31. Rbd1 Rfd8 32. Be5+ Bd6 33. Bf6 Rf8 34. Kf1 Rxf6 0-1

[Event "BCF-chT 2122 (4NCL)"]
[Site "England"]
[Date "2022.06.25"]
[Round "10.48"]
[White "Sygnowski, Tomasz"]
[Black "Murphy, Hugh W"]
[Result "0-1"]
[WhiteElo "2119"]
[BlackElo "2110"]
[PlyCount "76"]
[EventDate "2021.11.27"]
[EventType "team-swiss"]
[EventRounds "11"]
[EventCountry "ENG"]
[SourceTitle "EXT 2023"]
[Source "ChessBase"]
[SourceDate "2022.10.05"]
[SourceVersion "1"]
[SourceVersionDate "2022.10.05"]
[SourceQuality "1"]
[WhiteTeam "Wood Green Youth"]
[BlackTeam "The Sharks"]
[WhiteTeamCountry "ENG"]
[BlackTeamCountry "ENG"]

1. e4 c6 2. d4 d5 3. exd5 cxd5 4. Bd3 Nf6 5. Nf3 Nc6 6. c3 Bg4 7. 0-0 e6 8. Bg5 Bd6 9. Nbd2 Qc7 10. Qa4 Nd7 11. Rfe1 Bh5 12. Rac1 0-0 13. Qc2 Bg6 14. Bxg6 hxg6 15. Qd3 Nf6 16. b4 Bf4 17. b5 Na5 18. g3 Bxd2 19. Nxd2 Rac8 20. Qf3 Nh7 21. Qg4 Nc4 22. Nf3 Qd7 23. h4 Rfe8 24. h5 gxh5 25. Qxh5 f6 26. Bf4 Qf7 27. Qh3 g5 28. Be3 Qg6 29. g4 Nf8 30. Nd2 Re7 31. Nxc4 Rxc4 32. Bd2 Rh7 33. Qg3 b6 34. Re2 Rh4 35. Qg2 Rc7 36. c4 Rch7 37. cxd5 Qh6 38. Qg3 Rxg4 0-1

[Event "English Online Blitz Gp2"]
[Site "Chess.com INT"]
[Date "2020.05.09"]
[Round "10"]
[White "Golding, James"]
[Black "Sygnowski, Tomasz"]
[Result "1-0"]
[WhiteElo "2067"]
[BlackElo "2143"]
[PlyCount "91"]
[EventDate "2020.05.09"]
[EventType "swiss (blitz)"]
[EventRounds "11"]
[EventCountry "ENG"]
[SourceTitle "CBM 196 Extra"]
[Source "ChessBase"]
[SourceDate "2020.07.31"]
[SourceVersion "1"]
[SourceVersionDate "2020.07.31"]
[SourceQuality "1"]

1. d4 Nf6 2. c4 e6 3. Nf3 d5 4. Nc3 Be7 5. Bg5 0-0 6. e3 a6 7. Rc1 Re8 8. Qc2 Nbd7 9. cxd5 exd5 10. Bd3 Nf8 11. 0-0 c6 12. Na4 Ne4 13. Bxe7 Qxe7 14. Nb6 Rb8 15. Nd2 Nxd2 16. Qxd2 Bg4 17. h3 Bh5 18. b4 Qg5 19. Be2 Bg6 20. Bf3 Rbd8 21. a4 Ne6 22. Qb2 Qh4 23. Rfd1 Ng5 24. Qe2 Bf5 25. Rc3 Bxh3 26. gxh3 Nxh3+ 27. Kf1 Nf4 28. exf4 Rxe2 29. Kxe2 Qxf4 30. Re3 h6 31. Re1 Qxd4 32. a5 Qxb4 33. Kf1 Qxa5 34. Re8+ Rxe8 35. Rxe8+ Kh7 36. Nd7 g5 37. Bh5 Kg7 38. Re7 Qa1+ 39. Kg2 Qd4 40. Rxf7+ Kg8 41. Nf6+ Qxf6 42. Rxf6 a5 43. Rf7 b5 44. Ra7 a4 45. Be8 d4 46. Bxc6 1-0

[Event "English Online Blitz Gp1"]
[Site "Chess.com INT"]
[Date "2020.05.09"]
[Round "3"]
[White "Harvey, Marcus Ross"]
[Black "Sygnowski, Tomasz"]
[Result "1/2-1/2"]
[WhiteElo "2440"]
[BlackElo "2143"]
[PlyCount "71"]
[EventDate "2020.05.09"]
[EventType "swiss (blitz)"]
[EventRounds "11"]
[EventCountry "ENG"]
[SourceTitle "CBM 196 Extra"]
[Source "ChessBase"]
[SourceDate "2020.07.31"]
[SourceVersion "1"]
[SourceVersionDate "2020.07.31"]
[SourceQuality "1"]

1. Nf3 d5 2. b3 Nf6 3. Bb2 Bf5 4. e3 Nbd7 5. Nh4 Bg6 6. c4 e6 7. Be2 Bd6 8. Nc3 c6 9. Nxg6 hxg6 10. Qc2 Qa5 11. a3 dxc4 12. Bxc4 Ne5 13. b4 Qc7 14. Be2 Neg4 15. h3 Bg3 16. Ne4 Nxe4 17. Bxg4 Nxf2 18. Ke2 Nxh1 19. Rxh1 Be5 20. d4 Bf6 21. Bf3 Rc8 22. Rc1 0-0 23. b5 c5 24. dxc5 Bxb2 25. Qxb2 Rfd8 26. c6 bxc6 27. bxc6 Qd6 28. Qc3 Rc7 29. Rb1 e5 30. Rb7 f5 31. Rxc7 Qxc7 32. Qc4+ Kh7 33. Qh4+ Kg8 34. Qc4+ Kh7 35. Qh4+ Kg8 36. Qc4+ 1/2-1/2

[Event "English Online Blitz Gp2"]
[Site "Chess.com INT"]
[Date "2020.05.09"]
[Round "7"]
[White "Sygnowski, Tomasz"]
[Black "Reimanis, Ritvars"]
[Result "1-0"]
[WhiteElo "2143"]
[BlackElo "2421"]
[PlyCount "71"]
[EventDate "2020.05.09"]
[EventType "swiss (blitz)"]
[EventRounds "11"]
[EventCountry "ENG"]
[SourceTitle "CBM 196 Extra"]
[Source "ChessBase"]
[SourceDate "2020.07.31"]
[SourceVersion "1"]
[SourceVersionDate "2020.07.31"]
[SourceQuality "1"]

1. e4 c5 2. Nc3 Nc6 3. Bb5 Nd4 4. Bc4 a6 5. a4 Nf6 6. Nge2 Nc6 7. 0-0 e6 8. d4 d5 9. exd5 exd5 10. Ba2 Be6 11. Bg5 c4 12. Nf4 Qd6 13. Bxf6 Qxf4 14. Be5 Nxe5 15. dxe5 0-0-0 16. Qe2 Bc5 17. Rab1 Bd4 18. Rfe1 Bg4 19. Qf1 Bxe5 20. g3 Qf5 21. Nxd5 Kb8 22. Bxc4 Rd6 23. Ne3 Qg5 24. Nxg4 Bd4 25. Ne3 h5 26. h4 Qg6 27. c3 Bc5 28. Rbd1 Rf6 29. Rd5 Ba7 30. Qd3 Qh6 31. Rd8+ Kc7 32. Qd7+ Kb6 33. Nd5+ Kc5 34. Rxh8 Qd2 35. Qe7+ Rd6 36. Qe3+ 1-0

[Event "English Online Blitz Gp1"]
[Site "Chess.com INT"]
[Date "2020.05.09"]
[Round "1"]
[White "Sygnowski, Tomasz"]
[Black "Siddharth, Gopakumar"]
[Result "1-0"]
[WhiteElo "2143"]
[BlackElo "1854"]
[PlyCount "103"]
[EventDate "2020.05.09"]
[EventType "swiss (blitz)"]
[EventRounds "11"]
[EventCountry "ENG"]
[SourceTitle "CBM 196 Extra"]
[Source "ChessBase"]
[SourceDate "2020.07.31"]
[SourceVersion "1"]
[SourceVersionDate "2020.07.31"]
[SourceQuality "1"]

1. e4 c5 2. Nf3 Nc6 3. d4 cxd4 4. Nxd4 Nf6 5. Nc3 e5 6. Nxc6 bxc6 7. Bc4 Bc5 8. 0-0 h6 9. Qd3 0-0 10. Na4 Be7 11. Rd1 Qc7 12. Bb3 a5 13. c4 Rd8 14. Be3 Rb8 15. h3 Ba6 16. Qc2 Qb7 17. Nc5 Bxc5 18. Bxc5 d5 19. cxd5 cxd5 20. exd5 Nxd5 21. Qe4 Nf4 22. Qxb7 Bxb7 23. f3 Bd5 24. Bxd5 Rxd5 25. Rxd5 Nxd5 26. b3 Rc8 27. Bd6 f6 28. Rd1 Nf4 29. Rd2 Kf7 30. a3 Ke6 31. b4 axb4 32. Bxb4 Nd5 33. Rb2 Rb8 34. Kf2 Nxb4 35. axb4 Kd5 36. Ke3 f5 37. Kd3 e4+ 38. fxe4+ fxe4+ 39. Ke3 Rb5 40. Rd2+ Ke6 41. Rd4 Rg5 42. g4 h5 43. Rxe4+ Kd5 44. Kf4 hxg4 45. Kxg5 Kxe4 46. Kxg4 Kd5 47. Kg5 Kc4 48. Kg6 Kxb4 49. Kxg7 Kc5 50. h4 Kd6 51. h5 Ke5 52. h6 1-0

[Event "Shropshire op"]
[Site "Telford"]
[Date "2020.01.04"]
[Round "3"]
[White "Sygnowski, Tomasz"]
[Black "Hynes, Anthony"]
[Result "1-0"]
[WhiteElo "2173"]
[BlackElo "2056"]
[PlyCount "71"]
[EventDate "2020.01.03"]
[EventType "swiss"]
[EventRounds "5"]
[EventCountry "ENG"]
[SourceTitle "CBM 194 Extra"]
[Source "ChessBase"]
[SourceDate "2020.03.31"]
[SourceVersion "1"]
[SourceVersionDate "2020.03.31"]
[SourceQuality "1"]

1. e4 e5 2. Bc4 Nc6 3. Nc3 Nf6 4. d3 Na5 5. Nf3 Nxc4 6. dxc4 Bb4 7. Qd3 d6 8. Bg5 h6 9. Bd2 Bxc3 10. Bxc3 b6 11. 0-0-0 Bb7 12. Rhe1 Qe7 13. Nh4 g6 14. g3 0-0-0 15. Ng2 Kb8 16. f3 Ba6 17. Ne3 Rhe8 18. b3 Kc8 19. Kb2 c6 20. Qd2 Bb7 21. a4 h5 22. a5 Kc7 23. Qf2 Nd7 24. Ra1 Ra8 25. Red1 Nf6 26. Rd2 Red8 27. h3 Qe6 28. g4 Qe7 29. Qg3 c5 30. Rad1 Bc6 31. a6 Rac8 32. b4 Kb8 33. Rxd6 Rxd6 34. Bxe5 Ne8 35. Rxd6 Ka8 36. b5 1-0

[Event "BCF-chT1d 1819 (4NCL) Demotion pool"]
[Site "England"]
[Date "2019.05.04"]
[Round "9.53"]
[White "Gourlay, Iain"]
[Black "Sygnowski, Tomasz"]
[Result "1-0"]
[WhiteElo "2355"]
[BlackElo "2178"]
[PlyCount "153"]
[EventDate "2018.11.10"]
[EventType "team-tourn"]
[EventRounds "4"]
[EventCountry "ENG"]
[SourceTitle "CBM 190 Extra"]
[Source "ChessBase"]
[SourceDate "2019.07.15"]
[SourceVersion "1"]
[SourceVersionDate "2019.07.15"]
[SourceQuality "1"]
[WhiteTeam "Alba"]
[BlackTeam "Wood Green Monarchs"]
[WhiteTeamCountry "ENG"]
[BlackTeamCountry "ENG"]

1. c4 Nf6 2. g3 g6 3. Bg2 Bg7 4. Nc3 0-0 5. d3 Nc6 6. Rb1 b6 7. Nf3 Bb7 8. 0-0 Re8 9. d4 d5 10. Ne5 Nxe5 11. dxe5 Ng4 12. f4 c6 13. cxd5 cxd5 14. Nxd5 Qc8 15. e3 f6 16. Bd2 Qd7 17. e6 Qd6 18. Bb4 Qxe6 19. Qb3 Kh8 20. Rfe1 Rac8 21. Nxe7 Qxb3 22. axb3 Rc7 23. Bxb7 Rxb7 24. Nd5 f5 25. h3 Nf6 26. Nxf6 Bxf6 27. Bc3 Kg7 28. Rbd1 Rc7 29. Rd3 Rec8 30. Bxf6+ Kxf6 31. Kf2 Rc2+ 32. Re2 Rxe2+ 33. Kxe2 Rc1 34. Rc3 Rb1 35. Rc6+ Ke7 36. Rc7+ Ke6 37. Rxa7 Rxb2+ 38. Kf3 h5 39. Ra3 Kd5 40. Ra7 Ke6 41. Ra3 b5 42. g4 Kf7 43. Ra7+ Kg8 44. gxf5 gxf5 45. Re7 Rxb3 46. Re5 Kg7 47. Rxf5 Kh6 48. Rf6+ Kg7 49. Rb6 Rb4 50. Re6 Kh7 51. f5 Rb1 52. Rb6 b4 53. Ke4 b3 54. Ke5 b2 55. e4 h4 56. Rb7+ Kh6 57. f6 Kg6 58. Rg7+ Kh6 59. Rg2 Kh7 60. Rf2 Kg8 61. Kf5 Kf8 62. Ke5 Kf7 63. Rc2 Kg6 64. Rg2+ Kh6 65. Ke6 Re1 66. Rxb2 Rxe4+ 67. Kf7 Re3 68. Rh2 Rf3 69. Ke7 Kh7 70. f7 Re3+ 71. Kf8 Ra3 72. Re2 Ra7 73. Re4 Ra8+ 74. Ke7 Ra7+ 75. Kf6 Ra6+ 76. Re6 Ra8 77. Re8 1-0

[Event "BCF-chTb 1819 (4NCL)"]
[Site "Daventry"]
[Date "2019.03.16"]
[Round "7.54"]
[White "Sygnowski, Tomasz"]
[Black "Galyas, Miklos"]
[Result "1/2-1/2"]
[WhiteElo "2161"]
[BlackElo "2494"]
[PlyCount "98"]
[EventDate "2018.11.10"]
[EventType "team-tourn"]
[EventRounds "11"]
[EventCountry "ENG"]
[SourceTitle "CBM 189 Extra"]
[Source "ChessBase"]
[SourceDate "2019.05.31"]
[SourceVersion "1"]
[SourceVersionDate "2019.05.31"]
[SourceQuality "1"]
[WhiteTeam "Wood Green Monarchs"]
[BlackTeam "Manx Liberty"]
[WhiteTeamCountry "ENG"]
[BlackTeamCountry "ENG"]

1. e4 e6 2. d4 d5 3. exd5 exd5 4. Bd3 c5 5. Nf3 c4 6. Be2 Nc6 7. 0-0 Bd6 8. Re1 Nge7 9. Nbd2 0-0 10. Nf1 Bg4 11. Ne3 Bh5 12. b3 b5 13. a4 cxb3 14. axb5 bxc2 15. Nxc2 Nb4 16. Ne3 Qb6 17. g4 Bg6 18. Ba3 a5 19. bxa6 Nxa6 20. Ne5 Rfd8 21. Bf3 Bxa3 22. Nxg6 hxg6 23. Rxa3 Nc7 24. Nc4 Qf6 25. Rae3 Nc6 26. Ne5 Nxe5 27. Rxe5 Ra3 28. Bg2 Ra2 29. Qf3 Qxf3 30. Bxf3 Rd2 31. Rc1 Ne6 32. Rxd5 Rxd5 33. Bxd5 Nf4 34. Rc8+ Kh7 35. Bg2 Rxd4 36. Rc2 Rd1+ 37. Bf1 g5 38. f3 g6 39. Ra2 Kg7 40. Kf2 Rc1 41. Rb2 Kf6 42. Ra2 Ne6 43. Bd3 Nc5 44. Bb5 Rb1 45. Bc4 Rb4 46. Rc2 Nd7 47. Be2 Ne5 48. Ra2 Rb3 49. Ra6+ Kg7 1/2-1/2

[Event "Shropshire op"]
[Site "Telford"]
[Date "2019.01.06"]
[Round "5"]
[White "Sygnowski, Tomasz"]
[Black "Merry, Alan B"]
[Result "1-0"]
[WhiteElo "2143"]
[BlackElo "2434"]
[PlyCount "73"]
[EventDate "2019.01.04"]
[EventType "swiss"]
[EventRounds "5"]
[EventCountry "ENG"]
[SourceTitle "CBM 188 Extra"]
[Source "ChessBase"]
[SourceDate "2019.02.28"]
[SourceVersion "1"]
[SourceVersionDate "2019.02.28"]
[SourceQuality "1"]

1. e4 e6 2. d4 d5 3. exd5 exd5 4. Nf3 Nc6 5. Bd3 Bd6 6. 0-0 Bg4 7. Re1+ Nge7 8. c3 Qd7 9. Na3 Bxa3 10. bxa3 0-0 11. Rb1 b6 12. h3 Bf5 13. Bf4 f6 14. Rb2 Bxd3 15. Qxd3 Ng6 16. Bh2 Na5 17. Rbe2 Rf7 18. h4 Nc4 19. h5 Nf8 20. Nh4 Qg4 21. Nf5 Qxh5 22. Re7 g6 23. Rxf7 Kxf7 24. Re7+ Kg8 25. Ng7 Qh6 26. Bxc7 Qc1+ 27. Kh2 Qxa3 28. Qe2 Qxc3 29. Nf5 Kh8 30. Qg4 Qc2 31. Nh6 Qxf2 32. Bg3 Qd2 33. Qh4 g5 34. Nf7+ Kg8 35. Qh6 Ne3 36. Qxg5+ Ng6 37. Nh6+ 1-0

[Event "BCF-chTb 1819 (4NCL)"]
[Site "Daventry"]
[Date "2018.11.11"]
[Round "2.8"]
[White "Sygnowski, Tomasz"]
[Black "Arkell, Keith C"]
[Result "0-1"]
[WhiteElo "2153"]
[BlackElo "2443"]
[PlyCount "74"]
[EventDate "2018.11.10"]
[EventType "team-tourn"]
[EventRounds "11"]
[EventCountry "ENG"]
[SourceTitle "CBM 187 Extra"]
[Source "ChessBase"]
[SourceDate "2018.11.04"]
[SourceVersion "1"]
[SourceVersionDate "2018.11.04"]
[SourceQuality "1"]
[WhiteTeam "Wood Green Monarchs"]
[BlackTeam "Cheddleton"]
[WhiteTeamCountry "ENG"]
[BlackTeamCountry "ENG"]

1. e4 c6 2. d4 d5 3. exd5 cxd5 4. Bd3 Nc6 5. c3 Nf6 6. Nf3 Bg4 7. 0-0 e6 8. Bg5 Be7 9. Nbd2 a6 10. Qb3 0-0 11. Rae1 Bxf3 12. Nxf3 b5 13. Ne5 Nxe5 14. Rxe5 Ng4 15. Bxe7 Qxe7 16. Re2 Qd6 17. f4 f5 18. a4 Rab8 19. axb5 axb5 20. Qb4 Qxb4 21. cxb4 Rb6 22. Ra1 Rc8 23. Ree1 Nf6 24. Ra5 Ne4 25. Rea1 Kf7 26. h3 Kf6 27. Ra7 Rbc6 28. g4 Rc1+ 29. Kg2 fxg4 30. hxg4 g5 31. Rxc1 Rxc1 32. Rxh7 gxf4 33. Rh6+ Kg7 34. Rh5 Rd1 35. Bxb5 Rd2+ 36. Kg1 f3 37. Rh2 f2+ 0-1

[Event "BCF-chT2 1718 (4NCL) Promotion pool"]
[Site "England"]
[Date "2018.05.07"]
[Round "11.23"]
[White "Jaunooby, Ali Reza"]
[Black "Sygnowski, Tomasz"]
[Result "1/2-1/2"]
[WhiteElo "2177"]
[BlackElo "2132"]
[PlyCount "87"]
[EventDate "2017.11.11"]
[EventType "team-tourn"]
[EventRounds "11"]
[EventCountry "ENG"]
[SourceTitle "EXT 2020"]
[Source "ChessBase"]
[SourceDate "2019.10.17"]
[SourceVersion "1"]
[SourceVersionDate "2019.10.17"]
[SourceQuality "1"]
[WhiteTeam "Manchester Manticores"]
[BlackTeam "Wood Green Monarchs"]
[WhiteTeamCountry "ENG"]
[BlackTeamCountry "ENG"]

1. d4 Nf6 2. c4 e6 3. Nf3 d5 4. Bg5 Be7 5. Nc3 0-0 6. e3 a6 7. c5 b6 8. b4 a5 9. a3 Ne4 10. Bxe7 Qxe7 11. Qc1 axb4 12. axb4 Rxa1 13. Qxa1 Nc6 14. Qb2 bxc5 15. bxc5 Bd7 16. Bd3 Rb8 17. Qc1 Nf6 18. Bb5 Ne4 19. Bxc6 Nxc3 20. Nd2 Na2 21. Qa3 Bxc6 22. Qxa2 Bb5 23. Nf3 Bc4 24. Qc2 Qd7 25. Kd2 Qb5 26. Ra1 f6 27. Ke1 Bd3 28. Qa4 Qb2 29. Nd2 Qc3 30. Rd1 h6 31. Qd7 Bf5 32. h3 h5 33. Qxc7 Rb2 34. Qd7 Rc2 35. Qe8+ Kh7 36. Qxh5+ Kg8 37. g4 g6 38. Qh4 Bd3 39. Qxf6 Rxd2 40. Qxe6+ Kh8 41. Qe5+ Kh7 42. Qc7+ Kh8 43. Qe5+ Kh7 44. Qe7+ 1/2-1/2

[Event "BCF-chT2 1718 (4NCL) Promotion pool"]
[Site "England"]
[Date "2018.05.05"]
[Round "9.25"]
[White "Gallagher, Daniel GH"]
[Black "Sygnowski, Tomasz"]
[Result "0-1"]
[WhiteElo "2163"]
[BlackElo "2132"]
[PlyCount "100"]
[EventDate "2017.11.11"]
[EventType "team-tourn"]
[EventRounds "11"]
[EventCountry "ENG"]
[SourceTitle "EXT 2020"]
[Source "ChessBase"]
[SourceDate "2019.10.17"]
[SourceVersion "1"]
[SourceVersionDate "2019.10.17"]
[SourceQuality "1"]
[WhiteTeam "Anglian Avengers"]
[BlackTeam "Wood Green Monarchs"]
[WhiteTeamCountry "ENG"]
[BlackTeamCountry "ENG"]

1. Nf3 Nf6 2. c4 e6 3. Nc3 d5 4. d4 Be7 5. Bf4 0-0 6. e3 a6 7. c5 Nh5 8. b4 b6 9. Be2 a5 10. a3 Nxf4 11. exf4 Bf6 12. Rc1 axb4 13. axb4 bxc5 14. bxc5 Ba6 15. Bxa6 Rxa6 16. 0-0 Nc6 17. Ne5 Bxe5 18. fxe5 Qh4 19. Nb5 Ra5 20. Rb1 g6 21. Qd3 Ra4 22. Ra1 Rb4 23. Rfd1 Rb8 24. Nxc7 Rxd4 25. Qa6 Nxe5 26. Qd6 Rxd1+ 27. Rxd1 Qa4 28. Rf1 Rf8 29. h3 Nc4 30. Qe7 Nd2 31. Re1 Ne4 32. Rxe4 Qxe4 33. Ne8 Qe1+ 34. Kh2 Qxf2 35. c6 Qf4+ 36. Kh1 Qc1+ 37. Kh2 Qxc6 38. Nf6+ Kg7 39. Nh5+ Kh6 40. Qxf8+ Kxh5 41. Qxf7 Qd6+ 42. g3 Kh6 43. h4 d4 44. Kh3 e5 45. g4 Qa3+ 46. Kg2 Qb2+ 47. Kg3 Qc3+ 48. Kg2 Qd2+ 49. Kh3 Qe3+ 50. Kg2 Qf4 0-1

[Event "BCF-chT2 1718 (4NCL) Promotion pool"]
[Site "England"]
[Date "2018.03.18"]
[Round "8.26"]
[White "Punnett, Alan Kenneth"]
[Black "Sygnowski, Tomasz"]
[Result "1/2-1/2"]
[WhiteElo "2063"]
[BlackElo "2132"]
[PlyCount "80"]
[EventDate "2017.11.11"]
[EventType "team-tourn"]
[EventRounds "11"]
[EventCountry "ENG"]
[SourceTitle "EXT 2020"]
[Source "ChessBase"]
[SourceDate "2019.10.17"]
[SourceVersion "1"]
[SourceVersionDate "2019.10.17"]
[SourceQuality "1"]
[WhiteTeam "Guildford III"]
[BlackTeam "Wood Green Monarchs"]
[WhiteTeamCountry "ENG"]
[BlackTeamCountry "ENG"]

1. e4 e6 2. d4 d5 3. Nc3 Nf6 4. Bg5 Be7 5. e5 Nfd7 6. h4 f6 7. exf6 Nxf6 8. Nf3 c5 9. Bb5+ Bd7 10. Qe2 Nc6 11. dxc5 0-0 12. 0-0-0 Rc8 13. Kb1 Bxc5 14. h5 Bb4 15. h6 g6 16. Rh4 Bxc3 17. bxc3 Qb6 18. Ka1 a6 19. Bxc6 Qxc6 20. c4 Qc7 21. Ne5 Ba4 22. Nxg6 hxg6 23. Qxe6+ Qf7 24. cxd5 Qxe6 25. dxe6 Bxc2 26. Re1 Nh7 27. Be3 Rfe8 28. Rd4 Rxe6 29. Rd7 Nf6 30. Rg7+ Kf8 31. Rxb7 Re7 32. Rb6 Nd5 33. Rxa6 Nxe3 34. fxe3 Rec7 35. g4 Kg8 36. Rb6 Rc4 37. Kb2 R8c7 38. e4 Kh7 39. g5 Rxe4 40. Rxe4 Bxe4 1/2-1/2

[Event "BCF-chT2a 1718 (4NCL)"]
[Site "England"]
[Date "2018.01.14"]
[Round "4.35"]
[White "Sygnowski, Tomasz"]
[Black "Milson, Samuel"]
[Result "0-1"]
[WhiteElo "2151"]
[BlackElo "2096"]
[PlyCount "56"]
[EventDate "2017.11.11"]
[EventType "team-tourn"]
[EventRounds "7"]
[EventCountry "ENG"]
[SourceTitle "EXT 2020"]
[Source "ChessBase"]
[SourceDate "2019.10.17"]
[SourceVersion "1"]
[SourceVersionDate "2019.10.17"]
[SourceQuality "1"]
[WhiteTeam "Wood Green Monarchs"]
[BlackTeam "Grantham Sharks II"]
[WhiteTeamCountry "ENG"]
[BlackTeamCountry "ENG"]

1. e4 e6 2. d4 d5 3. e5 c5 4. Nf3 Nc6 5. Bd3 cxd4 6. 0-0 Qb6 7. a3 Nge7 8. Re1 Ng6 9. Nbd2 Be7 10. Nf1 f6 11. exf6 gxf6 12. Nh4 f5 13. Nxg6 hxg6 14. b4 Bf6 15. Qf3 Kf7 16. g4 Ne5 17. Rxe5 Bxe5 18. Bg5 Qd6 19. h4 Bf6 20. Re1 Bxg5 21. hxg5 Rh4 22. gxf5 gxf5 23. Ng3 Bd7 24. Kf1 Rah8 25. c4 dxc3 26. Bc2 Qf4 27. Qxc3 Bb5+ 28. Kg1 Rh1+ 0-1